Science Quiz

Random Science Quiz

UW Chordates Cat Hyoid Quiz Stats

Quiz not verified by Sporcle

Also try: Cat or Dog?
Challenge
Share
Tweet
 photo cat hyoid_zpsgtbz0uw7.jpg
Score 0/6 Timer 05:00
0 Plays Today
Hint Answer % Correct
3Epihyal
100%
1 (Body of hyoid)Basihyal
96.9%
2 (Lesser horn)Ceratohyal
96.9%
4Stylohyal
84.4%
5Tympanohyal
84.4%
6 (Greater horn)Thyrohyal
75%

You're not logged in!

Compare scores with friends on all Sporcle quizzes.
Sign Up with Email
OR
Log In

You Might Also Like...

Show Comments

Extras

Top Quizzes Today


Score Distribution

Your Account Isn't Verified!

In order to create a playlist on Sporcle, you need to verify the email address you used during registration. Go to your Sporcle Settings to finish the process.

Report this User

Report this user for behavior that violates our Community Guidelines.

Details: